000 00777cab a2200229 4500
001 WB2906-26
008 090401t1993 xxu||||| |||| 00| 0 eng d
035 _a(Sirsi) u48528
041 _aeng
245 _aChartered surveyors - environmental consultants
260 _c1993
350 _a0
490 _aRICS Press Release
_v(PR30/93) 9 February 1993 (5)
520 _aRICS President Christopher Jonas in a speech to South London Branch urges chartered surveyors to become leading professionals in environmental matters. Copy of speech attached.
650 _aABOUT RICS-RICS MEMBERS
650 _aENVIRONMENTAL CONSULTANTS
650 _aPROFESSIONAL IMAGE
650 _aRICS
690 _aENVIRONMENTAL AND LAND CONSULTANCY
942 _n0
948 _c04/03/1997
999 _c30484
_d30484